00769 a2200205 4500003000500000005001700005010001600022020001500038040000900053082001700062100002200079245008200101250001100183260003700194300003600231490004400267505020000311650002400511700002800535Nust20230119155322.0 a 75012941 a0070448256 cNust00a660.2842,MCC1 aMcCabe, Warren L.10aUnit operations of chemical engineering /cWarren L. McCabe, Julian C. Smith. a3d ed. aNew York :bMcGraw-Hill,cc1976. aviii, 1028 p. :bill. ;c25 cm.0 aMcGraw-Hill chemical engineering series aIntroduction (Page-3), Fluid Mechanics (Page-29), Heat Transfer and its Applications (Page-265), Mass Transfer and its Applications (Page-465), Operations Involving Particulate Solids (Page-801). 0aChemical processes.1 aSmith, Julian C.d1919-